000 00684nam a2200193Ii 4500
003 JO-AjNU
008 230605s9999||||xx |||||||||||||| ||und||
040 _aJO-AjNU
_bara
_erda
_cJO-AjNU
041 _aara
050 1 4 _aPJ7671.S2
100 3 _aتأليف صفوت، أحمد زكي,
_eauthor
_927101
245 0 0 _a جمهرة خطب العرب في عصور العربية الزاهرة 
264 3 1 _aبيروت، لبنان: المكتبة العلمية، د،ت
300 _aج2، 544ص
336 _atext
_btxt
_2rdacontent
337 _aunmediated
_bn
_2rdamedia
338 _avolume
_bnc
_2rdacarrier
650 4 _aالخطابة العربية -- مجموعات
_927102
999 _aA10352
_c13920
_d13920